Statistiques concernant Liste des Pays par altitude moyenne

Cliquez ici pour prendre le quiz!

Statistiques générales

  • Ce quiz a été pris 5 fois
  • Le résultat moyen est 6 sur 20

Statistiques - réponses

Rang Pays % Correct
9Chine
80%
3Népal
80%
16Suisse
60%
8Chili
60%
12Pérou
40%
15Géorgie
40%
13Mongolie
40%
10Arménie
40%
7Afghanistan
40%
4Bhoutan
40%
2Kirghizistan
20%
5Lesotho
20%
6Andorre
20%
20Ouganda
0%
19Liban
0%
18Iran
0%
14Burundi
0%
1Tadjikistan
0%
11Rwanda
0%
17Ethiopie
0%

Distribution des résultats

Percentile by Number Answered

% des personnes avec chaque résultat

Votre développement - résultats

Vous n’avez pas pris ce quiz